Preliminary study of lake dissolved organic matter in light of nanoscale supramolecular assembly /

Gespeichert in:
Bibliographische Detailangaben
1. Verfasser: Peuravuori, Juhani.
Weitere Verfasser: Pihlaja, Kalevi.
Format: Artikel
Sprache:English
Schlagworte:
Tags: Tag hinzufügen
Keine Tags, Fügen Sie den ersten Tag hinzu!
Thư viện lưu trữ: Thư viện Trường Đại học Đà Lạt
LEADER 00981nam a2200313 4500
001 DLU090095105
005 ##20091201
040 # # |a DLU  |b eng 
041 # # |a eng 
044 # # |a us 
100 # # |a Peuravuori, Juhani. 
245 # # |a Preliminary study of lake dissolved organic matter in light of nanoscale supramolecular assembly /  |c Juhani Peuravuori, Kalevi Pihlaja. 
653 # # |a Chromatography 
653 # # |a Dissolved materials 
653 # # |a Fourier transformation 
653 # # |a Hydrochemistry 
653 # # |a Infrared spectra 
653 # # |a Organic materials 
700 # # |a Pihlaja, Kalevi. 
773 # # |t Environmental Science & Technology  |g Vol. 38, no. 22 (November 2004), p. 5958-5967 
920 # # |a Phòng Tạp chí -- Trung tâm Thông tin - Thư viện Trường Đại học Đà Lạt 
994 # # |a DLU 
900 # # |a True 
911 # # |a Trương Bảo Trâm Anh 
925 # # |a G 
926 # # |a A 
927 # # |a BB 
980 # # |a Thư viện Trường Đại học Đà Lạt